000 00661nam a22001697a 4500
008 100322t xxu||||| |||| 00| 0 eng d
020 _a8122420508
082 _222
_a620.1
_bRAO
100 _aRao, H.S. Govinda.
_912955
245 _aFinite Element Method :VS :
_bClassical methods /
_cH.S. Govinda Rao.
260 _aNew Delhi:
_bNew Age International publishers ,
_cc.2007.
300 _a423p:
_bill;
_c25 cm.
650 _aFinite element methods.
_912956
650 _aMechanics, applied.
_912957
942 _2ddc
_cBB
999 _c13747
_d13747